00257nam a2200109Ia 4500008004100000100001800041245002400059260001800083650002200101942000700123999001700130190216s9999||||xx |||||||||||||| ||und|| aSholokhov M S 0aOrumanushyande Vidi bCurrent Books aMalayalam Nadakam cBK c23801d23801